Vainqueurs en World Tour Féminin 2022 (cyclisme) - Statistiques

Statistiques générales
  • Ce quiz a été pris 77 fois
    55 depuis la dernière actualisation
  • Le résultat moyen est 14 sur 23
Statistiques - réponses
Hint Réponse % Correct
Liège-Bastogne-Liège Annemiek van Vleuten
94%
Tour d'Italie Annemiek van Vleuten
94%
Tour de France Annemiek van Vleuten
94%
Ceretizit Challenge by La Vuelta Annemiek van Vleuten
94%
Tour du Pays Basque Demi Vollering
79%
Paris-Roubaix Elisa Longo Borghini
79%
The Women's Tour Elisa Longo Borghini
79%
Strade Bianche Lotte Kopecky
74%
Tour des Flandes Lotte Kopecky
74%
Tour de Drenthe Lorena Wiebes
57%
RideLondon Classique Lorena Wiebes
57%
Simac Ladies Tour Lorena Wiebes
57%
Trofeo Alfredo Binda Elisa Balsamo
53%
Classic Bruges-La Panne Elisa Balsamo
53%
Gand-Wevelgem Elisa Balsamo
53%
Tour de Burgos Juliette Labous
51%
Open de Suède (course) Audrey Cordon-Ragot
43%
Tour de Scandinavie Cecilie Uttrup Ludwig
40%
Amstel Gold Race Marta Cavalli
36%
Flèche Wallonne Marta Cavalli
36%
Open de Suède (équipe) Trek-Segafredo
32%
GP de Plouay Mavi Garcia
26%
Tour de Romandie Ashleigh Moolman-Pasio
21%
Aucun quiz correspondant
Distribution des résultats
% des personnes avec chaque résultat
Percentile par nombre de réponses
Votre historique - résultats
Vous n’avez pas pris ce quiz depuis la dernière actualisation